Statistics for Word Scramble-food

Click here to take the quiz!

General Stats

  • This quiz has been taken 32 times
  • The average score is 4 of 5

Answer Stats

Food% Correct
fry
96%
burger
88%
pizza
88%
hotdog
81%
chicken nugget
69%

Score Distribution

Percentile by Number Answered

Percent of People with Each Score

Your Score History

You have not taken this quiz